[Event "ITA-ch U10 maschile"]
[Site "Merano"]
[Date "2008.07.06"]
[Round "1"]
[White "Zamengo, Fulvio"]
[Black "Potenza, Gabriele"]
[Result "1-0"]
[WhiteElo "1671"]
[BlackElo "1440"]
[PlyCount "53"]
[EventDate "2008.07.??"]

1. e4 e5 2. Nf3 Nc6 3. Bc4 Bc5 4. Nc3 Nf6 5. d3 h6 6. Ne2 d6 7. h3 Be6 8. Bxe6
fxe6 9. c3 O-O 10. a4 a5 11. O-O d5 12. Ng3 Qe7 13. Nh4 Kh7 14. exd5 exd5 15.
Re1 Qd6 16. Nhf5 Qd7 17. Qc2 Kh8 18. Nh4 Qf7 19. d4 exd4 20. Ng6+ Kg8 21. Nxf8
Rxf8 22. cxd4 Bxd4 23. Nf5 Bb6 24. Bxh6 Ne4 25. Bxg7 Bxf2+ 26. Kh1 Bxe1 27.
Nh6+ 1-0

[Event "ITA-ch U10 maschile"]
[Site "Merano"]
[Date "2008.07.07"]
[Round "2"]
[White "Crescini, Duccio"]
[Black "Zamengo, Fulvio"]
[Result "0-1"]
[WhiteElo "1440"]
[BlackElo "1671"]
[PlyCount "90"]
[EventDate "2008.07.??"]

1. e4 e6 2. Nf3 d5 3. Nc3 Nf6 4. e5 Nfd7 5. d4 c5 6. dxc5 Bxc5 7. Bd3 Nc6 8.
Bf4 Qc7 9. Qe2 Nd4 10. Nb5 Qa5+ 11. Bd2 Qb6 12. Nfxd4 Bxd4 13. Nxd4 Qxd4 14.
Bc3 Qb6 15. b3 a6 16. O-O Nc5 17. Bd4 Qc7 18. Rfc1 b5 19. Qe3 Nd7 20. Qg3 O-O
21. Qh3 h6 22. f4 Nb8 23. Bf2 f6 24. Bg3 fxe5 25. fxe5 Nc6 26. Re1 Bd7 27. Rac1
Rac8 28. c3 Nb4 29. Bb1 d4 30. Qh5 dxc3 31. Be4 Be8 32. Qg4 Bf7 33. Bh7+ Kxh7
34. Qxb4 Qc5+ 35. Qxc5 Rxc5 36. Red1 b4 37. Rd7 Rd5 38. Rxd5 exd5 39. e6 Bxe6
40. Bd6 Rc8 41. Bxb4 d4 42. Re1 c2 43. Bd2 d3 44. Rxe6 c1=Q+ 45. Bxc1 Rxc1+ 0-1

[Event "ITA-ch U10 maschile"]
[Site "Merano"]
[Date "2008.07.08"]
[Round "3"]
[White "Zamengo, Fulvio"]
[Black "Zischg, Elias"]
[Result "1-0"]
[WhiteElo "1671"]
[BlackElo "1440"]
[PlyCount "111"]
[EventDate "2008.07.??"]

1. e4 e5 2. Nf3 d6 3. Bc4 Be7 4. h3 Nf6 5. d3 Nc6 6. Nc3 O-O 7. O-O Be6 8. Bb3
h6 9. Re1 Nh7 10. Nd5 Bxd5 11. Bxd5 Rb8 12. Bxc6 bxc6 13. b3 c5 14. Nd2 Bh4 15.
Rf1 Re8 16. Nc4 Re6 17. f4 exf4 18. Bxf4 Rg6 19. Ne3 Bg5 20. Bxg5 Qxg5 21. Qe2
Nf6 22. Nf5 Re8 23. Rf3 d5 24. Re3 d4 25. Rf3 a6 26. Raf1 Nd5 27. Qf2 Ne3 28.
Nxe3 dxe3 29. Rxe3 Ree6 30. Qxf7+ Kh7 31. Qf2 Ref6 32. Rf3 Rxf3 33. Qxf3 a5 34.
g4 Rf6 35. Qe2 Rxf1+ 36. Qxf1 Qe3+ 37. Kg2 Qd2+ 38. Qf2 Qxf2+ 39. Kxf2 g5 40.
Ke3 h5 41. c3 hxg4 42. hxg4 Kg7 43. a3 Kf6 44. b4 axb4 45. cxb4 cxb4 46. axb4
Ke6 47. d4 c6 48. Kd3 Kd7 49. Kc4 Kc7 50. d5 cxd5+ 51. Kxd5 Kb6 52. e5 Kc7 53.
e6 Kd8 54. Kd6 Ke8 55. e7 Kf7 56. Kd7 1-0

[Event "ITA-ch U10 maschile"]
[Site "Merano"]
[Date "2008.07.08"]
[Round "4"]
[White "Pascolini, Tommaso"]
[Black "Zamengo, Fulvio"]
[Result "0-1"]
[WhiteElo "1440"]
[BlackElo "1671"]
[PlyCount "84"]
[EventDate "2008.07.??"]

1. e4 e6 2. Nf3 d5 3. Nc3 Nf6 4. e5 Nfd7 5. d4 c5 6. dxc5 Bxc5 7. Bd3 a6 8. O-O
Nc6 9. Bf4 Qc7 10. Re1 Nd4 11. a3 Nxf3+ 12. Qxf3 Bd4 13. Nd1 Bxe5 14. Bxe5 Nxe5
15. Qg3 f6 16. Nc3 Qe7 17. Rad1 Nxd3 18. Rxd3 O-O 19. Qh4 Qf7 20. Rg3 e5 21. f3
d4 22. Ne4 Bf5 23. Nd6 Qd7 24. Nxf5 Qxf5 25. Qh6 Rf7 26. Re4 Rc8 27. Reg4 Rcc7
28. Rh4 Qxc2 29. h3 Qc1+ 30. Qxc1 Rxc1+ 31. Kh2 d3 32. Rgg4 d2 33. Rb4 d1=Q 34.
Rhc4 Qh1+ 35. Kg3 f5 36. Rxc1 f4+ 37. Kf2 Qxc1 38. g3 Rd7 39. gxf4 exf4 40.
Rxf4 Qxf4 41. Ke1 Qxf3 42. b4 Rd1# 0-1

[Event "ITA-ch U10 maschile"]
[Site "Merano"]
[Date "2008.07.09"]
[Round "5"]
[White "Zamengo, Fulvio"]
[Black "Mazzeo, Gabriele"]
[Result "1-0"]
[WhiteElo "1671"]
[BlackElo "1515"]
[PlyCount "67"]
[EventDate "2008.07.??"]

1. e4 e5 2. Nf3 Nc6 3. Bb5 a6 4. Ba4 Nf6 5. d3 b5 6. Bb3 Bc5 7. Bg5 d6 8. a3
Bg4 9. h3 Bh5 10. Nbd2 h6 11. Bxf6 Qxf6 12. Bd5 O-O 13. Bxc6 Rab8 14. O-O g5
15. g4 Bg6 16. Bd7 h5 17. Bf5 hxg4 18. hxg4 Kg7 19. Kg2 Bxf5 20. exf5 d5 21. d4
exd4 22. Nb3 Bb6 23. Nbxd4 c6 24. Qd2 Rbc8 25. c3 Bd8 26. Rh1 Qe7 27. Rh5 Rh8
28. Rxh8 Kxh8 29. Rh1+ Kg7 30. Rh5 Qe4 31. Kg3 Bc7+ 32. Kh3 c5 33. Qxg5+ Kf8
34. Rh8# 1-0

[Event "ITA-ch U10 maschile"]
[Site "Merano"]
[Date "2008.07.10"]
[Round "6"]
[White "Soderini, Matteo"]
[Black "Zamengo, Fulvio"]
[Result "0-1"]
[WhiteElo "1497"]
[BlackElo "1671"]
[PlyCount "136"]
[EventDate "2008.07.??"]

1. e4 e6 2. d4 d5 3. exd5 exd5 4. Nc3 Bb4 5. Bd3 Ne7 6. Nge2 Bf5 7. Bf4 Nbc6 8.
O-O Qd7 9. a3 Bxd3 10. Qxd3 Bd6 11. Bg3 a6 12. Rfe1 O-O-O 13. b4 Na7 14. Reb1
Bxg3 15. Qxg3 g6 16. Nc1 b6 17. Qd3 Kb7 18. Nb3 Nb5 19. a4 Nxc3 20. Qxc3 Qc6
21. Qxc6+ Nxc6 22. b5 axb5 23. axb5 Ne7 24. Ra6 Ra8 25. Rba1 Nf5 26. g4 Nd6 27.
Rxa8 Rxa8 28. Rb1 Ra2 29. Na1 Ra5 30. Nb3 Rxb5 31. Re1 Rb4 32. Re5 Rc4 33. Re2
Ra4 34. Re5 Ra2 35. Re2 Kc6 36. Kg2 Ra8 37. Kf3 Re8 38. Rxe8 Nxe8 39. Kf4 h6
40. Ke5 Nd6 41. Kf6 Ne4+ 42. Kxf7 Nxf2 43. Kxg6 Nxg4 44. h3 Ne3 45. c3 Kd6 46.
Kxh6 Ng2 47. Kg5 Ke6 48. h4 Nxh4 49. Kxh4 Kf5 50. Nd2 Kf4 51. Nb1 c5 52. dxc5
bxc5 53. Kh3 Ke3 54. Kg2 Kd3 55. Kf2 Kc2 56. Ke2 Kxb1 57. Ke3 Kb2 58. c4 d4+
59. Kd2 Kb3 60. Kd3 Kb4 61. Kd2 Kxc4 62. Kc2 d3+ 63. Kd2 Kd4 64. Kd1 Kc3 65.
Kc1 c4 66. Kb1 d2 67. Ka2 d1=R 68. Ka3 Ra1# 0-1

[Event "ITA-ch U10 maschile"]
[Site "Merano"]
[Date "2008.07.10"]
[Round "7"]
[White "Zamengo, Fulvio"]
[Black "Abbatantuono, Oscar"]
[Result "1/2-1/2"]
[WhiteElo "1671"]
[BlackElo "1518"]
[PlyCount "52"]
[EventDate "2008.07.??"]

1. e4 e5 2. Nf3 Nc6 3. Bc4 Bc5 4. Nc3 Nf6 5. d3 h6 6. Nd5 d6 7. Be3 Bb6 8. h3
Be6 9. Bxb6 axb6 10. Ne3 O-O 11. O-O Qe7 12. a3 Rfd8 13. Re1 d5 14. exd5 Nxd5
15. Bxd5 Bxd5 16. Nxd5 Rxd5 17. Nd2 Rad8 18. Kh1 Qf6 19. Ne4 Qg6 20. Re3 f5 21.
Nc3 R5d7 22. Re1 e4 23. Re3 exd3 24. Rxd3 Rxd3 25. cxd3 Ne5 26. d4 Nf7 1/2-1/2

[Event "ITA-ch U10 maschile"]
[Site "Merano"]
[Date "2008.07.11"]
[Round "8"]
[White "Cafaro, Luca"]
[Black "Zamengo, Fulvio"]
[Result "0-1"]
[WhiteElo "1464"]
[BlackElo "1671"]
[PlyCount "44"]
[EventDate "2008.07.??"]

1. e4 e6 2. d4 d5 3. e5 c5 4. c3 Nc6 5. Nf3 Qb6 6. Be2 cxd4 7. cxd4 Nge7 8. Nc3
Nf5 9. Na4 Bb4+ 10. Kf1 Qc7 11. Be3 a6 12. a3 Be7 13. Nc3 O-O 14. h4 f6 15.
exf6 Bxf6 16. g4 Nd6 17. g5 Be7 18. Bd3 b5 19. Na2 Nf5 20. Bxf5 Rxf5 21. Rc1
Qb6 22. Ne5 Nxe5 0-1

[Event "ITA-ch U10 maschile"]
[Site "Merano"]
[Date "2008.07.12"]
[Round "9"]
[White "Abbatantuono, Oscar"]
[Black "Pascolini, Tommaso"]
[Result "1/2-1/2"]
[WhiteElo "1518"]
[BlackElo "1440"]
[PlyCount "30"]
[EventDate "2008.07.??"]

1. e4 e6 2. d4 d5 3. e5 c5 4. c3 Nc6 5. Nf3 Qb6 6. a3 a5 7. Be2 f6 8. O-O Bd7
9. h3 Rc8 10. a4 c4 11. Qc2 Be7 12. Be3 Qd8 13. Na3 Na7 14. Nd2 b5 15. Nxb5
Nxb5 1/2-1/2

[Event "ITA-ch U10 maschile"]
[Site "Merano"]
[Date "2008.07.12"]
[Round "9"]
[White "Zamengo, Fulvio"]
[Black "Cucinotta, Alessandro"]
[Result "1-0"]
[WhiteElo "1671"]
[BlackElo "1452"]
[PlyCount "61"]
[EventDate "2008.07.??"]

1. e4 e5 2. Nf3 Nc6 3. Bb5 a6 4. Ba4 Nd4 5. c3 Nxf3+ 6. Qxf3 Nf6 7. Bb3 Be7 8.
d4 d6 9. h3 O-O 10. g4 h6 11. g5 hxg5 12. Bxg5 b6 13. d5 Bb7 14. h4 g6 15. Rg1
c6 16. h5 Kg7 17. Bxf6+ Bxf6 18. Qf5 Bc8 19. Qf3 g5 20. dxc6 Be7 21. Bd5 Ra7
22. Nd2 f6 23. Nc4 b5 24. Ne3 Kh7 25. Nf5 Rc7 26. h6 Bxf5 27. Qxf5+ Kh8 28. h7
Qc8 29. Qg6 a5 30. Rh1 Ra7 31. Qg8+ 1-0

[Event "ITA-ch U8 maschile"]
[Site "Merano"]
[Date "2008.07.08"]
[Round "1"]
[White "Achene, Davide"]
[Black "Carnicelli, Valerio"]
[Result "0-1"]
[WhiteElo "1440"]
[BlackElo "1663"]
[PlyCount "60"]
[EventDate "2008.07.??"]

1. e4 e5 2. Nf3 Nc6 3. Nc3 Nf6 4. d3 Bc5 5. d4 Bxd4 6. Nxd4 exd4 7. Nb5 O-O 8.
Bg5 h6 9. Bf4 d6 10. Bd3 a6 11. Na3 Re8 12. Qf3 d5 13. O-O dxe4 14. Bxe4 Rxe4
15. g3 Bh3 16. Rfe1 Rxe1+ 17. Rxe1 Qd5 18. Qxd5 Nxd5 19. c4 Nxf4 20. gxf4 Kf8
21. c5 Re8 22. Nc2 d3 23. f3 dxc2 24. Rc1 Nd4 25. Kf2 Re2+ 26. Kg3 Rd2 27. Kxh3
Rd1 28. Rxd1 cxd1=Q 29. Kg3 Qxf3+ 30. Kh4 Nf5# 0-1

[Event "ITA-ch U8 maschile"]
[Site "Merano"]
[Date "2008.07.07"]
[Round "2"]
[White "Carnicelli, Valerio"]
[Black "Lodici, Lorenzo"]
[Result "1-0"]
[WhiteElo "1663"]
[BlackElo "1440"]
[PlyCount "45"]
[EventDate "2008.07.??"]

1. e4 e5 2. Nf3 Nc6 3. Bc4 h6 4. d4 f6 5. Nc3 Bb4 6. a3 Bxc3+ 7. bxc3 d6 8. Be3
Nge7 9. Bd3 Be6 10. d5 Bg4 11. dxc6 Nxc6 12. h3 Be6 13. Qe2 a6 14. Bc4 d5 15.
exd5 Bxd5 16. Rd1 e4 17. Rxd5 Qc8 18. Bc5 b5 19. Qxe4+ Ne5 20. Nxe5 fxe5 21.
Qxe5+ Kf7 22. Rd6+ Kf8 23. Rd8# 1-0

[Event "ITA-ch U8 maschile"]
[Site "Merano"]
[Date "2008.07.08"]
[Round "4"]
[White "Carnicelli, Valerio"]
[Black "Gerosa, Davide"]
[Result "1-0"]
[WhiteElo "1663"]
[BlackElo "1374"]
[PlyCount "31"]
[EventDate "2008.07.??"]

1. e4 e5 2. Nf3 Nc6 3. Bc4 f6 4. d4 exd4 5. Nxd4 Nxd4 6. Qxd4 d6 7. O-O f5 8.
exf5 Bxf5 9. Re1+ Kd7 10. Nc3 Bxc2 11. Be6+ Ke7 12. Bxg8+ Kd7 13. Qg4+ Kc6 14.
Bd5+ Kc5 15. Qc4+ Kb6 16. Qb5# 1-0

[Event "ITA-ch U8 maschile"]
[Site "Merano"]
[Date "2008.07.09"]
[Round "5"]
[White "Bisi, Riccardo"]
[Black "Carnicelli, Valerio"]
[Result "1/2-1/2"]
[WhiteElo "1350"]
[BlackElo "1663"]
[PlyCount "78"]
[EventDate "2008.07.??"]

1. e4 e5 2. Nf3 Nc6 3. Bb5 a6 4. Bxc6 dxc6 5. d3 Bd6 6. Nc3 Be6 7. Bd2 f6 8.
O-O Qd7 9. h3 Ne7 10. Be3 O-O-O 11. d4 h6 12. dxe5 fxe5 13. Re1 g5 14. Na4 g4
15. hxg4 Bxg4 16. Bc5 b5 17. Bxd6 Qxd6 18. Qxd6 cxd6 19. Nc3 Bxf3 20. gxf3
Rhg8+ 21. Kf1 Rg7 22. Re3 Rdg8 23. Ke2 h5 24. Rh1 Ng6 25. Kd1 h4 26. Rd3 Kd7
27. a4 h3 28. axb5 axb5 29. Ne2 Rh7 30. Ra3 Ke6 31. Ra6 Ne7 32. f4 h2 33. f5+
Kf6 34. Ng3 Kg5 35. Ke1 Rf8 36. Kf1 Kg4 37. Kg2 Rfh8 38. f3+ Kg5 39. Nf1 Rg8
1/2-1/2

[Event "ITA-ch U8 maschile"]
[Site "Merano"]
[Date "2008.07.10"]
[Round "6"]
[White "Carnicelli, Valerio"]
[Black "Moroni, Luca"]
[Result "1-0"]
[WhiteElo "1663"]
[BlackElo "1488"]
[PlyCount "27"]
[EventDate "2008.07.??"]

1. e4 e5 2. Nf3 Nc6 3. Bc4 Bc5 4. b4 Bxb4 5. c3 Bc5 6. d4 exd4 7. O-O Nge7 8.
cxd4 Bb6 9. Ng5 O-O 10. Qh5 h6 11. Nxf7 Rxf7 12. Bxf7+ Kh8 13. Bxh6 Qg8 14.
Bxg8 1-0

[Event "ITA-ch U8 maschile"]
[Site "Merano"]
[Date "2008.07.10"]
[Round "7"]
[White "Carnicelli, Valerio"]
[Black "Arbore, Daniele"]
[Result "1-0"]
[WhiteElo "1663"]
[BlackElo "1374"]
[PlyCount "89"]
[EventDate "2008.07.??"]

1. e4 e5 2. Nf3 Nc6 3. Bc4 Nf6 4. d3 Bc5 5. Nc3 d6 6. Be3 Na5 7. Bb3 Nxb3 8.
axb3 O-O 9. Qd2 Be6 10. Bxc5 dxc5 11. O-O b6 12. Nxe5 Qd6 13. Nf3 Bg4 14. e5
Qc6 15. exf6 Bxf3 16. gxf3 Qxf3 17. Qe3 Qg4+ 18. Qg3 Qxg3+ 19. fxg3 gxf6 20.
Rxf6 a6 21. Ne4 Rfe8 22. Rf4 b5 23. Nf6+ Kf8 24. Nxe8 Rxe8 25. Raf1 Re7 26. Kg2
Re2+ 27. R1f2 Rxf2+ 28. Kxf2 Kg7 29. Kf3 Kg6 30. Kg4 h5+ 31. Kh4 f6 32. g4 hxg4
33. Kxg4 c6 34. h4 a5 35. h5+ Kg7 36. h6+ Kf7 37. h7 Kg7 38. h8=Q+ Kxh8 39.
Rxf6 c4 40. Rxc6 cxb3 41. cxb3 a4 42. Rc7 axb3 43. Kg5 b4 44. Kg6 Kg8 45. Rc8#
1-0

[Event "ITA-ch U8 maschile"]
[Site "Merano"]
[Date "2008.07.11"]
[Round "8"]
[White "Damato, Pasquale"]
[Black "Carnicelli, Valerio"]
[Result "0-1"]
[WhiteElo "1329"]
[BlackElo "1663"]
[PlyCount "58"]
[EventDate "2008.07.??"]

1. e4 e5 2. Nf3 Nc6 3. Bc4 Bc5 4. d3 d6 5. h3 Nf6 6. Bg5 h6 7. Bh4 a6 8. Nc3
Be6 9. Bd5 Qd7 10. Bxf6 gxf6 11. a3 Rg8 12. Nh4 O-O-O 13. Bxe6 fxe6 14. Qf3 Nd4
15. Qd1 d5 16. Rg1 f5 17. Nf3 Nxf3+ 18. Qxf3 dxe4 19. dxe4 Qd2+ 20. Kf1 Qxc2
21. g3 Rd2 22. Rg2 fxe4 23. Nxe4 Rf8 24. Nf6 Qf5 25. Qxf5 exf5 26. Nh5 Rfd8 27.
f4 Rxg2 28. Kxg2 Rd2+ 29. Kf3 e4# 0-1

[Event "ITA-ch U8 maschile"]
[Site "Merano"]
[Date "2008.07.12"]
[Round "9"]
[White "Carnicelli, Valerio"]
[Black "Calzerano, Salvatore"]
[Result "1-0"]
[WhiteElo "1663"]
[BlackElo "1440"]
[PlyCount "41"]
[EventDate "2008.07.??"]

1. e4 e5 2. Nf3 Nc6 3. Bc4 Bc5 4. d3 Nf6 5. Nc3 O-O 6. Bg5 Bxf2+ 7. Kxf2 Nd4 8.
Nxd4 exd4 9. Nd5 d6 10. Bxf6 gxf6 11. Qf3 Kg7 12. Raf1 c6 13. Nf4 Re8 14. Nh5+
Kf8 15. Qxf6 Qxf6+ 16. Nxf6 Rd8 17. Ke1 Kg7 18. Nh5+ Kh8 19. Rxf7 Bg4 20. Nf6
Bc8 21. Rxh7# 1-0